Statistiche per Marcatori più Anziani in Serie A

Clicka qui per fare il quiz!

Statistiche generali

  • Questo quiz è stato fatto 16 volte
  • Il punteggio medio è 6 su 10

Statistiche sulle risposte

Età all'ultimo golStagione dell'ultimo golUltima squadra con cui ha segnatoNazioneCalciatore% Corretto
41 anni e 166 giorni2022-2023MilanSveziaZlatan Ibrahimović
100%
39 anni e 364 giorni2016-2017RomaItaliaFrancesco Totti
93%
39 anni e 278 giorni2007-2008MilanItaliaPaolo Maldini
86%
39 anni e 290 giorni2018-2019ChievoItaliaSergio Pellissier
86%
41 anni e 25 giorni2006-2007MilanItaliaAlessandro Costacurta
64%
39 anni e 170 giorni2020-2021ParmaPortogalloBruno Alves
57%
40 anni e 109 giorni2002-2003SampdoriaItaliaFabio Quagliarella
57%
40 anni e 131 giorni1953-1954NovaraItaliaSilvio Piola
29%
40 anni e 47 giorni1998-1999PicenzaItaliaPietro Vierchowod
21%
39 anni e 107 giorni1947-1948Pro PatriaItaliaCarlo Reguzzoni
7%

Distribuzione punteggi

Percentile per numero di risposta

Percentuale di utenti per punteggio

I tuoi punteggi nel tempo

Non hai fatto questo quiz